000 01002 a2200169 4500
020 _a9968936596
082 _a972.860.52
_bA184h
100 _aAcuą Ortega, Victor Hugo
_9339
245 _aHistoria e Incertidumbre
250 _a1 edicion
260 _aSan Jose, Costa Rica
_bEditorial UCR
_c2007
300 _a102 p.
_bill (a color)
_c21 cm
440 _aSerie Cuadernos de Historia de la Cultura
_v22
_9340
505 _tPresentacion
_tHistoria e Incertidumbre Introduccion
_tI. Estudiar Historia
_tII. Sudando con Clio
_tIII. Los desafo̕s de la historia en Centroamřica
_tIV. Historia y ciudadania
_tV. Historia e incertidumbre
_tVI. Memoria, olvido, impunidad y secularizacion politica
_tVII. Retos y perspectivas del nuevo milenio
_tVIII. El lugar de la identidad y la identidad en su lugar
_tIX. Elogio del inmigrante
_tBibliografia
_tAcerca del autor
650 _aHistoria
_xsiglo XX-XXI
_xidentidad cultural
_xalienacion
_xpoder
_xVictor Hugo Acuą Ortega
_zCosta rica
_9341
700 _aVictor Hugo Acuą Ortega
_9342
999 _c68
_d68